| 000 | 00590nab a2200217 a 4500 | ||
|---|---|---|---|
| 001 | 57584 | ||
| 003 | 128889 | ||
| 005 | 20201118103335.0 | ||
| 008 | ||||||n9999 ||| || || | ||
| 041 | _aspa | ||
| 245 | 0 |
_aAtaques a los periodistas : _bargentina |
|
| 260 |
_aEspaña : _bAmnistía Internacional, _c1998. |
||
| 300 | _app.28 | ||
| 562 | _e0 | ||
| 650 | _aANALISIS DE COYUNTURA | ||
| 650 | _aARGENTINA | ||
| 650 | _aDERECHO A LA LIBERTAD DE EXPRESION | ||
| 650 | _aVIOLACIÓN DE LOS DERECHOS HUMANOS | ||
| 773 |
_053539 _aAmnistía Internacional - No.31 |
||
| 942 | _cSART | ||
| 999 |
_c57584 _d57584 |
||